000 00464nam a2200193 a 4500
001 1754981389378
003 ACL
005 20250812122546.0
008 250812s2009##################000#0#eng##
020 _a9780714849539
082 0 4 _a724.7
_bPHA
100 1 _aPress, Editors of Phaidon,
_eauthor.
245 1 0 _a10x10 3 :
260 _bPhaidon Press,
_c2009.
300 _a468 pages
650 0 _aArchitecture.
942 _cENGLISH
040 _aACL
_beng
_cACL
999 _c581090
_d581090